| 000 | 00802nam a2200229 a 4500 | ||
|---|---|---|---|
| 001 | 000034833 | ||
| 005 | 20200930073931.0 | ||
| 008 | 111020s1964 mx 000 0 spa d | ||
| 040 |
_aDO-SdBNP _bspa _cBNPHU |
||
| 082 |
_aH863.08 _bM549c |
||
| 100 | 1 |
_aMenton, Seymour _913629 |
|
| 245 | 1 | 3 |
_aEl cuento hispanoamericano : _bantología crítico histórica / _cSeymour Menton. |
| 260 |
_aBuenos Aires : _bFondo de Cultura Económica, _c1964. |
||
| 300 |
_a222 p. ; _c17 cm. |
||
| 490 | 1 |
_aColección popular _v51 |
|
| 590 | _aPerteneció a la biblioteca personal de Juan Isidro Jimenes Grullón | ||
| 650 | 4 |
_aCuentos hispanoamericanos _99678 |
|
| 651 | 4 |
_aLiteratura Hispanoamericana _960353 |
|
| 830 | 0 |
_aColección popular _v51 _960354 |
|
| 910 | _aValidado. Control de calidad MFF | ||
| 049 | _aBNPD | ||
| 999 |
_c34324 _d34324 |
||